Counties that Start with L - Statistics

General Stats
  • This quiz has been taken 109 times
  • The average score is 71 of 203
Answer Stats
County State % Correct
Lincoln Arkansas | Colorado | Georgia | +21 others
79%
Lake California | Colorado | Florida | +9 others
62%
Lee Alabama | Arkansas | Florida | +9 others
62%
Lewis Idaho | Kentucky | Missouri | +4 others
59%
Lancaster Nebraska | Pennsylvania | South Carolina | Virginia
52%
Lane Kansas | Oregon
45%
Lawrence Alabama | Arkansas | Illinois | +8 others
45%
Long Georgia
41%
Los Angeles California
41%
Lafayette Arkansas | Florida | Louisiana | +3 others
34%
Love Oklahoma
34%
Lucas Iowa | Ohio
34%
Lander Nevada
31%
Laramie Wyoming
31%
Lassen California
31%
Lexington South Carolina | Virginia
31%
Logan Arkansas | Colorado | Illinois | +7 others
31%
Los Alamos New Mexico
31%
Lea New Mexico
28%
La Crosse Wisconsin
24%
Lamb Texas
24%
Laurel Kentucky
24%
Lebanon Pennsylvania
24%
Lehigh Pennsylvania
24%
Linn Iowa | Kansas | Missouri | Oregon
24%
Litchfield Connecticut
24%
Louisa Iowa | Virginia
24%
Lowndes Alabama | Georgia | Mississippi
24%
Lubbock Texas
24%
LaSalle Illinois | Louisiana
21%
La Salle Texas
21%
Las Animas Colorado
21%
Lauderdale Alabama | Mississippi | Tennessee
21%
Lenawee Michigan
21%
Liberty Florida | Georgia | Montana | Texas
21%
Livingston Illinois | Kentucky | Louisiana | +3 others
21%
Lynn Texas
21%
Lyon Iowa | Kansas | Kentucky | +2 others
21%
Lackawanna Pennsylvania
17%
La Paz Arizona
17%
Lorain Ohio
17%
Lycoming Pennsylvania
17%
Lac qui Parle Minnesota
14%
Lake of the Woods Minnesota
14%
Lamar Alabama | Georgia | Mississippi | Texas
14%
Lamoille Vermont
14%
Lampasas Texas
14%
Langlade Wisconsin
14%
Lanier Georgia
14%
Larue Kentucky
14%
Laurens Georgia | South Carolina
14%
Lavaca Texas
14%
Leelanau Michigan
14%
Leflore Mississippi
14%
Le Flore Oklahoma
14%
Lemhi Idaho
14%
Leon Florida | Texas
14%
Leslie Kentucky
14%
Letcher Kentucky
14%
Lewis and Clark Montana
14%
Limestone Alabama | Texas
14%
Lumpkin Georgia
14%
Luna New Mexico
14%
Luzerne Pennsylvania
14%
Lake and Peninsula Alaska
10%
Lapeer Michigan
10%
La Plata Colorado
10%
LaPorte Indiana
10%
Larimer Colorado
10%
Leavenworth Kansas
10%
Lipscomb Texas
10%
Live Oak Texas
10%
Llano Texas
10%
Loudoun Virginia
10%
Loving Texas
10%
Luce Michigan
10%
Lunenburg Virginia
10%
Lyman South Dakota
10%
Labette Kansas
7%
Laclede Missouri
7%
LaGrange Indiana
7%
Latah Idaho
7%
Latimer Oklahoma
7%
Leake Mississippi
7%
Lenoir North Carolina
7%
Levy Florida
7%
Licking Ohio
7%
Little River Arkansas
7%
Loudon Tennessee
7%
Loup Nebraska
7%
Lynchburg Virginia
7%
Lafourche Louisiana
3%
Le Sueur Minnesota
3%
Lonoke Arkansas
3%
LaMoure North Dakota
0%
No matching quizzes found
Score Distribution
Percent of People with Each Score
Percentile by Number Answered
Your Score History
You have not taken this quiz